Evangelical feminism : (Record no. 9251)

MARC details
000 -LEADER
fixed length control field 01572cam a22003614a 4500
001 - CONTROL NUMBER
control field 14322539
003 - CONTROL NUMBER IDENTIFIER
control field GBCCL
005 - DATE AND TIME OF LATEST TRANSACTION
control field 20241126110708.0
008 - FIXED-LENGTH DATA ELEMENTS--GENERAL INFORMATION
fixed length control field 060330s2006 ilu b 001 0 eng
010 ## -
-- 2006008159
020 ## - INTERNATIONAL STANDARD BOOK NUMBER
International Standard Book Number 1581347340
020 ## - INTERNATIONAL STANDARD BOOK NUMBER
International Standard Book Number 9781581347340
020 ## - INTERNATIONAL STANDARD BOOK NUMBER
International Standard Book Number 9781581347340
035 ## - SYSTEM CONTROL NUMBER
System control number (OCoLC)ocm65537846
035 ## - SYSTEM CONTROL NUMBER
System control number (OCoLC)65537846
040 ## - CATALOGING SOURCE
Original cataloging agency DLC
Transcribing agency DLC
Modifying agency IG#
-- BAKER
-- ABF
-- CBC
-- BTCTA
-- YDXCP
-- DLC
042 ## -
-- pcc
050 00 -
-- BS680.W7
-- G75 2006
082 00 - DEWEY DECIMAL CLASSIFICATION NUMBER
Classification number 270.82082
Edition information 22
Item number GRU
100 1# - MAIN ENTRY--PERSONAL NAME
Personal name Grudem, Wayne A.
9 (RLIN) 1981
245 10 - TITLE STATEMENT
Title Evangelical feminism :
Remainder of title a new path to liberalism? /
Statement of responsibility, etc. Wayne Grudem.
260 ## - PUBLICATION, DISTRIBUTION, ETC.
Place of publication, distribution, etc. Wheaton, Ill. :
Name of publisher, distributor, etc. Crossway Books,
Date of publication, distribution, etc. c2006.
300 ## - PHYSICAL DESCRIPTION
Extent 272 p. ;
Dimensions 22 cm.
504 ## - BIBLIOGRAPHY, ETC. NOTE
Bibliography, etc. note Includes bibliographical references and index.
505 0# - FORMATTED CONTENTS NOTE
Formatted contents note pt. 1. Some paths to liberalism in recent history -- pt. 2. Evangelical feminist views that undermine or deny the authority of Scripture -- pt. 3. Evangelical feminist views based on untruthful or unsubstantiated claims -- pt. 4. Where is evangelical feminism taking us?
650 #0 - SUBJECT ADDED ENTRY--TOPICAL TERM
Topical term or geographic name entry element Bible and feminism.
9 (RLIN) 16080
650 #0 - SUBJECT ADDED ENTRY--TOPICAL TERM
Topical term or geographic name entry element Evangelicalism.
9 (RLIN) 178
856 41 - ELECTRONIC LOCATION AND ACCESS
Materials specified Table of contents only
Uniform Resource Identifier <a href="http://www.loc.gov/catdir/toc/ecip0610/2006008159.html">http://www.loc.gov/catdir/toc/ecip0610/2006008159.html</a>
856 42 - ELECTRONIC LOCATION AND ACCESS
Materials specified Publisher description
Uniform Resource Identifier <a href="http://www.loc.gov/catdir/enhancements/fy0912/2006008159-d.html">http://www.loc.gov/catdir/enhancements/fy0912/2006008159-d.html</a>
906 ## - LOCAL DATA ELEMENT F, LDF (RLIN)
a 7
b cbc
c orignew
d 1
e ecip
f 20
g y-gencatlg
942 ## - ADDED ENTRY ELEMENTS (KOHA)
Source of classification or shelving scheme Dewey Decimal Classification
Koha item type Books
Koha issues (borrowed), all copies 1
Holdings
Withdrawn status Lost status Source of classification or shelving scheme Damaged status Not for loan Home library Current Library Shelving location Date acquired Total checkouts Full call number Barcode Date last seen Date last checked out Copy number Price effective from Koha item type
    Dewey Decimal Classification     GRACE BIBLE COLLEGE GRACE BIBLE COLLEGE Church History 2022-06-20 1 270.82082 GRU 015695 2025-05-01 2023-10-13 c.1 2022-06-20 Books
© Grace Bible College Library 2025